Comparative Study of Christianity and Islam (Record no. 14239)

MARC details
000 -LEADER
fixed length control field 00652nam a2200241 a 4500
020 ## - INTERNATIONAL STANDARD BOOK NUMBER
ISBN 8174352945
082 00 - DEWEY DECIMAL CLASSIFICATION NUMBER
Classification number 291.172
Author Cutter AZI1
100 ## - MAIN ENTRY--AUTHOR NAME
Author name Aziz-Us-samad, Ulfat
245 ## - TITLE STATEMENT
Title Comparative Study of Christianity and Islam
260 ## - PUBLICATION, DISTRIBUTION, ETC. (IMPRINT)
Place of publication New Delhi
Name of publisher Adam Publisher and Distributer
Year of publication 2007
300 ## - PHYSICAL DESCRIPTION
Number of Pages 147p
500 ## - GENERAL NOTE
General note includes index and biblioraphy
505 2# - FORMATTED CONTENTS NOTE
Formatted contents note biblio, index
650 ## - SUBJECT ADDED ENTRY--TOPICAL TERM
Topical Term Aaishah-Wife of Muhammad
942 ## - ADDED ENTRY ELEMENTS (KOHA)
Koha item type Books
700 1# -
-- Aziz-Us-samad, Ulfat
Holdings
Collection code Home library Current library Date acquired Cost, normal purchase price Full call number Accession Number Koha item type
  Henry Martyn Institute Library Henry Martyn Institute Library 02/17/2014 125.00 291.172 AZI1 024410 Books
                   Copyright © 2026 | Henry Martyn Institute | Hyderabad | TS-500052 | INDIA | Implemented by hmi.edu.in
Hit-Count:

Powered by Koha